[Event "8th EUROPEAN INDIVIDUAL CHESS CHAMPIONSHIP"]
[Site "Dresden/Germany"]
[Date "2007.04.03"]
[Round "1.21"]
[White "Womacka, Mathias"]
[Black "Avrukh, Boris"]
[Result "0-1"]
[WhiteElo "2460"]
[BlackElo "2644"]
[Annotator "Ëåáåäåâ Âàñèëèé"]
[PlyCount "105"]
[EventDate "2007.04.03"]

{Óäàëîñü ðàñêîïàòü íåñêîëüêî ñèìïàòè÷íûõ çàêóëèñíûõ âàðèàíòîâ â ñëåäóþùåé
ïàðòèè.} 1. e4 c5 2. Nf3 Nc6 3. d4 cxd4 4. Nxd4 Nf6 5. Nc3 d6 6. Be2 e5 7. Nf3
h6 8. O-O Be7 9. Re1 O-O 10. h3 a6 11. Bf1 Qc7 12. b3 Nd4 13. Bb2 Nxf3+ 14.
Qxf3 b5 15. Bd3 Bb7 16. Nd5 Nxd5 17. exd5 f5 18. c4 bxc4 19. bxc4 Bg5 20. Bxf5
Kh8 21. Qg4 Qf7 {×¸ðíûå ãîòîâû ïðîðâàòüñÿ ïî ëèíèè «f». Áåëûå ðåøàþò ýòîìó
íå ïðåïÿòñòâîâàòü -} 22. Bd3 ({
À âåäü â èõ ðàñïîðÿæåíèè áûëà ýôôåêòíàÿ âîçìîæíîñòü} 22. f4 $3 Bxf4 (22... exf4
23. Be6) ({ñîâñåì ïëîõî} 22... Qxf5 23. Qxf5 Rxf5 24. fxg5 Rxg5 25. Ba3 Rd8 26.
Rab1 $16) 23. Be6 Qf6 (23... Qc7 24. Ba3) 24. Rab1 {
- ñ èíòåðåñíîé, è, ãëàâíîå, ðàâíîé áîðüáîé.}) 22... Qxf2+ 23. Kh1 Bc8 ({
Áðàòü «áåççàùèòíîãî» ñëîíà} 23... Qxb2 $2 {ïëîõî:} 24. Qe4 g6 25. Rab1 ({
ðàäè êðàñèâîé ïîçèöèè ïðèâåäó è ñëåãêà «êîîïåðàòèâíûé» âàðèàíò:} 25. Qxg6 e4
$1 {, íàïðèìåð:} 26. Bxe4 Qg7 27. Qxd6 Rac8 28. Rab1 Rxc4 29. Rxb7 {
×åì áîëüøå ôèãóð íàõîäèòñÿ ïîä îáîþäíûì óäàðîì, òåì ýñòåòè÷íåå. Ïîýòîìó -}
Rxe4 $1) 25... Bxd5 26. cxd5 {- ýòîò «ðàçíîöâåò» ÿâíî ê âûãîäå áåëûõ}) ({
È ïîñëå ôîðñèðîâàííîãî} 23... Rf4 $5 24. Rf1 Qxb2 25. Rxf4 Qxa1+ 26. Rf1 Qd4
27. Qf5 e4 28. Bxe4 g6 29. Qxg6 Qg7 30. Qxd6 {
ïîçèöèÿ êàæåòñÿ õîòü è îáîþäîîñòðîé, íî ðàâíîé.}) 24. Qh5 Bf5 ({Åñëè ñåé÷àñ} 
24... Qxb2 $2 {
, òî áåëûå ôîðñèðóþò íè÷üþ, Ïðè÷¸ì äîâîëüíî èçÿùíûì ñïîñîáîì:} 25. Qg6 Kg8
26. Qh7+ Kf7 27. Rf1+ Bf4 28. Rab1 Qd4 29. Rb7+ $1 Bxb7 30. Qg6+ Kg8 31. Qh7+
Kf7) 25. Bxf5 $2 {À âîò ýòî, ïîõîæå, îøèáêà.} ({
Íåîáõîäèìî áûëî ïðîäîëæèòü ïðåñëåäîâàíèå ôåðçÿ -} 25. Rf1 $1 {
È õî÷åòñÿ äóìàòü, ÷òî íåîïàñíà è çàìàí÷èâàÿ æåðòâà} Bxd3 ({åñëè} 25... Qxb2
{, òî «áåëîïîëüíàÿ» ñòðàòåãèÿ áåëûõ äîëæíà óðàâíÿòü ïîëîæåíèå:} 26. Rab1 Qd4
27. Bxf5 Rf6 28. Qe2 Raf8 29. Bd3 {
- âñå ôèãóðû íà ñâåòëûõ êëåòêàõ! Ýòî ïðèíîñèò óäà÷ó áåëûì! Íîâàÿ ïðèìåòà! ;)})
26. Rxf2 Rxf2 27. Ba3 {Àêòèâíîñòü ïðåæäå âñåãî!} Bf1 ({õóæå} 27... Be4 28. Re1
Bxg2+ 29. Kg1 Rf3 30. Kxg2 Rxa3 31. Re2) (27... Rd8 $5) 28. Qg4 {
È çäåñü ÷¸ðíûå äîëæíû áèòü íà g2 -} Bxg2+ (28... Rd8 29. Re1 Be7 30. Rb1 $1)
29. Qxg2 ({íåëüçÿ óäàðèòüñÿ â «óêëîíèçì»:} 29. Kg1 $2 {ââèäó} Be3) 29... Rxg2
30. Kxg2 Rc8 31. Bxd6 Rxc4 32. Bxe5 Rc2+ 33. Kf3 Rd2 34. d6 Bf6 {
, ïîëó÷àÿ ëèøíþþ, íî âðÿä ëè ðåàëèçóåìóþ ïåøêó}) 25... Rxf5 26. Re2 Qf4 {
À ÷òî ìû âèäèì òåïåðü? À âèäèì ìû òî, ÷òî ñëîíû-òî îäíîöâåòíûå! Ó ÷¸ðíûõ -
ÿâíûé ïåðåâåñ!} 27. c5 {
×òîáû êàê-òî îæèâèòüñÿ, ïðèõîäèòñÿ îòäàâàòü ïåøêó... Íå ôîíòàí...} dxc5 28. Qg4
Raf8 29. Rd1 Qxg4 30. hxg4 Rf1+ 31. Rxf1 Rxf1+ 32. Kh2 Rd1 {
Îæèâëåíèå çàêîí÷èëîñü, íàñòóïàåò ïîðà ðåàëèçàöèè.} 33. Bxe5 ({
Íåëüçÿ, ðàçóìååòñÿ,} 33. Rxe5 $4 Bf4+) 33... Rxd5 34. Kg3 c4 35. Kf3 c3 36. Bf4
(36. Bxc3 Rd3+) 36... Bf6 37. Re6 Ra5 38. Rc6 {
Òàêòèêà ìåëêèõ ëîâóøå÷åê. Íè÷åãî äðóãîãî áåëûì íå îñòà¸òñÿ.} Kh7 (38... Rxa2
$2 39. Bxh6) 39. g3 Rxa2 40. Ke4 Ra4+ 41. Kd3 Kg6 42. Rc7 Rd4+ 43. Kc2 ({
Íåëüçÿ è} 43. Kxc3 Rxf4+) 43... Rd5 44. Rc6 a5 45. Kb3 Kf7 46. Rc7+ Ke6 47.
Rc6+ Ke7 48. Rc7+ Rd7 49. Rc5 Ra7 50. Be5 a4+ {«Þáèëåéíûé» õîä ñ øàõîì -
âñåãäà ñäåëàòü ïðèÿòíî. Äî âûèãðûøà óæå ðóêîé ïîäàòü.} 51. Ka3 Bxe5 52. Rxe5+
Kd6 53. Rf5 0-1